Statistics for 8 planets in 30 seconds

Click here to take the quiz!

General Stats

  • This quiz has been taken 694 times
  • The average score is 7 of 8

Answer Stats

HintAnswer% Correct
earth
97%
mars
97%
jupiter
93%
venus
92%
mercury
91%
saturn
90%
uranus
87%
neptune
83%

Score Distribution

Percentile by Number Answered

Percent of People with Each Score

Your Score History

You have not taken this quiz